00725nam a2200181Ia 4500003000900000008004100009040001600050080001200066110004600078245020800124260004900332300001500381650001800396650002200414942000700436999001300443952008700456IN-BaIIA211028s9999 xx 000 0 eng d cIIA Library a52bASP aAstronomical Society of the Pacific91154 4aThe Adolfo Stahl lectures in astronomybdelivered in San Francisco, California, in 1916-17 and 1917-18, under the auspices of the Astronomical Society of the PacificcAstronomical Society of Pacific  aSan FranciscobThe Stanford Universityc1919 axiv, 257p. aAstronomy980 aAstrophysics9794 cBK c500d500 00104070aBANbKODcGENd0000-00-00l0o52/ ASPp518r2021-11-05w0000-00-00yBK